| 000 | 01107cam a2200325 a 4500 | ||
|---|---|---|---|
| 001 | 17340674 | ||
| 005 | 20170105102851.0 | ||
| 008 | 120611s2012 ne b 001 0 eng | ||
| 010 | _a 2012023807 | ||
| 020 | _a9789004202627 (hbk. : alk. paper) | ||
| 020 | _a9789004227224 (ebook) | ||
| 040 |
_aDLC _cDLC _dDLC |
||
| 042 | _apcc | ||
| 050 | 0 | 0 |
_aKZ7162 _b.E26 2012 |
| 082 | 0 | 0 |
_a341.6/9 _223 |
| 100 | 1 | _aEboe-Osuji, Chile. | |
| 245 | 1 | 0 |
_aInternational law and sexual violence in armed conflicts / _cby Chile Eboe-Osuji. |
| 260 |
_aLeiden ; _aBoston : _bM. Nijhoff Publishers, _c2012. |
||
| 300 |
_axvii, 354 p. ; _c25 cm. |
||
| 490 | 0 |
_aInternational humanitarian law series ; _v35 |
|
| 504 | _aIncludes bibliographical references (p. [321]-343) and index. | ||
| 650 | 0 | _aRape as a weapon of war. | |
| 650 | 0 | _aWar crimes. | |
| 650 | 0 | _aWar (International law) | |
| 650 | 0 | _aRape. | |
| 650 | 0 | _aInternational criminal law. | |
| 906 |
_a7 _bcbc _cpccadap _d1 _eecip _f20 _gy-gencatlg |
||
| 942 |
_2ddc _cBK |
||
| 999 |
_c14260 _d14260 |
||